000 00620nam a2200217Ia 4500
003 OSt
005 20251010175409.0
008 210423s9999 xx 000 0 und d
020 _a817824330x,
040 _cAL
041 _aEnglish
082 _a801.954
_b NAGL
100 _aNagaraj D R
_993021
245 _aListening to the loom
_b: essays on literature politics and violence
260 _bPermanent Black
_aNew Delhi
_c2013
300 _axiii,365
_bPB
365 _b750
_cINR
650 _aLiterary Theory
_993022
906 _aessays ; Listening ; literature ; loom: ; politics ; violence
942 _2ddc
_cBK
999 _c161058
_d161058